TWICE song evolutions - Statistics

General Stats
  • This quiz has been taken 67 times
    63 since last reset
  • The average score is 27 of 41
Answer Stats
Hint Answer % Correct
2016 TT
96%
2016 CHEER UP
92%
2015 LIKE OOH-AHH
92%
2019 FANCY
90%
2021 The Feels
90%
2018 What is Love?
88%
2018 Dance The Night Away
85%
2017 KNOCK KNOCK
85%
2017 LIKEY
85%
2019 Feel Special
83%
2017 SIGNAL
83%
2021 SCIENTIST
81%
2017 Heart Shaker
79%
2022 Talk that Talk
79%
2018 YES or YES
79%
2023 SET ME FREE
77%
2023 MOONLIGHT SUNRISE
75%
2020 MORE & MORE
75%
2020 I CAN'T STOP ME
73%
2024 I GOT YOU
73%
2024 ONE SPARK
73%
2021 Alcohol-Free
67%
2018 BDZ
60%
2019 Breakthrough
60%
2023 Hare Hare
60%
2018 The Best Thing I Ever Did
60%
2021 Perfect World
56%
2022 Celebrate
54%
2020 CRY FOR ME
54%
2021 Doughnut
54%
2019 HAPPY HAPPY
54%
2018 Candy Pop
52%
2021 Kura Kura
52%
2017 One More Time
52%
2020 BETTER
44%
2019 Fake & True
42%
2020 Fanfare
42%
2018 Wake Me Up
38%
2023 Dance Again
29%
2018 STAY BY MY SIDE
25%
2019 SWING
23%
No matching quizzes found
Score Distribution
Percent of People with Each Score
Percentile by Number Answered
Your Score History
You have not taken this quiz since the last reset